O enigma de capitu : ensaio de interpretacao.

Sábháilte in:
Sonraí bibleagrafaíochta
Príomhchruthaitheoir: Gomes, Eugenio, 1897-1972
Formáid: LEABHAR
Teanga:English
Foilsithe / Cruthaithe: Rio de Janeiro : J. Olympio, [1967].
Sraith:Colecao Documentos brasileiros ; 131
Ábhair:
LEADER 00834nam a2200205 i 4500
001 c000029767
003 CARM
005 00000000000000.0
008 850709s1967 bl 0 eng d
019 1 |a 9256466  |z 28012537  |z 6670858  |5 LACONCORD2021 
035 |a (OCoLC)2429292  |5 LACONCORD2021 
100 1 |a Gomes, Eugenio,  |d 1897-1972. 
245 1 0 |a O enigma de capitu :  |b ensaio de interpretacao. 
260 |a Rio de Janeiro :  |b J. Olympio,  |c [1967]. 
300 |a 183 p. :  |b illus. 
490 0 |a Colecao Documentos brasileiros ;  |v 131 
600 2 0 |a Machado de Assis, Joaquim Maria,  |d 1839-1908.  |t Dom Casmurro. 
852 8 |b CARM  |h A2:AF05G0  |i A00376  |p 0059074  |f BK 
999 f f |i 33509c19-aecb-5517-9e74-a75d3b3d0d33  |s 68afba03-3851-56ed-83e1-9e80c82419b7 
952 f f |p Can circulate  |a CAVAL  |b CAVAL  |c CAVAL  |d CARM 1 Store  |e A00376  |f A2:AF05G0  |h Other scheme  |i book  |m 0059074